00685cam7a220022900 4500001001200000008004100012010001600053020001100069035001900080035002100099035002200120040000900142050001400151082001000165100003200175245005400207260003700261504005100298650004900349650005100398004000600449lce00155417750407s1974 moua b 001 0 eng  a 76176169 c29.50 a(Sirsi) r68177 a(DLC) 76176169 a(UPRA)lce00155417 dUPRA0 aRL72b.G5 a616.51 aGibbs, Richard C.6A29153.110aSkin diseases of the feet /cby Richard C. Gibbs. aSt. Louis :bW.H. Green,cc1974. aIncludes bibliographical references and index. 0aSkin -- Diseases.xSkin -- Diseases.6S706.1 0aFoot -- Diseases.xFoot -- Diseases.6S21167.168177